The Canada Quiz Stats

 Plays Quiz Updated Feb 19, 2018

Challenge
Share
Tweet
Embed
Score 0/50 Timer 07:00
35 Plays Today
Hint Answer % Correct
Flag ColorRed
99%
Flag ColorWhite
98.5%
Official LanguageEnglish
92.6%
Official LanguageFrench
92.2%
Lowest Point (0 m)Atlantic Ocean
90%
CurrencyCanadian dollar (CAD)
89.5%
Bordering CountryUnited States
89.3%
Bordering OceanAtlantic Ocean
89%
Bordering OceanPacific Ocean
88.6%
Largest CityToronto
88.6%
Official NameCanada
87.6%
Capital CityOttawa
85.8%
Primary ContinentNorth America
84.2%
Official Winter SportIce Hockey
83.6%
National AnthemO Canada
83%
Nationality (Demonym)Canadian
81.9%
Last City to Host the OlympicsVancouver
81.5%
Drives on the...Right
81.1%
Official TreeMaple Tree
78.7%
# of Provinces10
77.7%
Bordering OceanArctic Ocean
77.5%
Largest ProvinceQuebec
77.3%
Largest Religious DenominationRoman Catholic
75%
Independence FromUnited Kingdom
71.4%
National Police Force of CanadaMounties
69.5%
Hint Answer % Correct
Smallest ProvincePrince Edward Island
69.1%
Age of Suffrage18
68.1%
MonarchElizabeth II
65.2%
Major Political PartyConservative Party
61.9%
Major Political PartyLiberal Party
60.9%
Major Political PartyNew Democratic Party
60.8%
Official MammalBeaver
59.8%
Prime MinisterJustin Trudeau
57.7%
Tallest Freestanding StructureCN Tower
57.2%
Largest Lake*Lake Superior
55.6%
Royal AnthemGod Save the Queen
54%
Canada DayJuly 1, 1867
53.4%
Largest TerritoryNunavut
52.5%
Official Summer SportLacrosse
45.1%
Largest IslandBaffin Island
37.4%
First Prime MinisterJohn A. Macdonald
35.5%
Major Political PartyBloc Québécois
30.1%
Largest StadiumCommonwealth Stadium
20.4%
Longest RiverMackenzie River
20.3%
Governor GeneralJulie Payette
18.3%
Official MottoA Mari Usque Ad Mare (From Sea to Sea)
17%
Highest Point (5,959 m)Mount Logan
16.3%
Prime Minister Residence24 Sussex Drive
15.8%
Official MammalCanadian Horse
10.7%
Chief JusticeRichard Wagner
7%

You're not logged in!

Compare scores with friends on all Sporcle quizzes.
OR
Log In

You Might Also Like...

Show Comments

Extras

Top Quizzes Today


Score Distribution

Your Account Isn't Verified!

In order to create a playlist on Sporcle, you need to verify the email address you used during registration. Go to your Sporcle Settings to finish the process.

Report this User

Report this user for behavior that violates our Community Guidelines.

Details: